Operating systems : a concept-based approach (Record no. 193811)

MARC details
000 -LEADER
fixed length control field 00451nam a2200169Ia 4500
005 - DATE AND TIME OF LATEST TRANSACTION
control field 20250526142006.0
008 - FIXED-LENGTH DATA ELEMENTS--GENERAL INFORMATION
fixed length control field 231217s9999 xx 000 0 und d
020 ## - INTERNATIONAL STANDARD BOOK NUMBER
International Standard Book Number 9781259005589
082 ## - DEWEY DECIMAL CLASSIFICATION NUMBER
Classification number 001.642 DHA;56
100 ## - MAIN ENTRY--PERSONAL NAME
Personal name Dhamdhere, D M.
245 #0 - TITLE STATEMENT
Title Operating systems : a concept-based approach
250 ## - EDITION STATEMENT
Edition statement 3rd ed.
260 ## - PUBLICATION, DISTRIBUTION, ETC. (IMPRINT)
Date of publication, distribution, etc. 2009
Name of publisher, distributor, etc. Tata McGraw-Hill
Place of publication, distribution, etc. New Delhi
300 ## - PHYSICAL DESCRIPTION
Extent xx, 828
650 ## - SUBJECT ADDED ENTRY--TOPICAL TERM
Topical term or geographic name as entry element Operating,concept-based
942 ## - ADDED ENTRY ELEMENTS (KOHA)
Koha item type Books
Holdings
Date last seen Total Checkouts Full call number Accession number Old discount Cost, replacement price Price effective from Category Lost status Damaged status Department Withdrawn status bill no. bill date Permanent Location Current Location Shelving location Entry date Vendor Cost, normal purchase price Grants Currency symbol Conversion rate Discount Discount type Public note
26/01/2024   001.642 DHA;56 81819 25 374.25 26/01/2024 Books     Central Library   BR-569/12 01/12/2017 Central Library Central Library Central Library 05/09/2012 Royal Biblioman 499.00 TC RS 1 124.75 Rupees  
26/01/2024   001.642 DHA;59 84940     26/01/2024 Books     MCA     14/08/2019 Central Library Central Library MCA 16/03/2013     DONATED RS 1   Rupees Donated By Dr.C V Srikrishna

© For any Suggestions or Query, please contact the library staff @ librarian@pes.edu or Phone: +9180 2672 1983/ 2108.